00887nam a2200217 a 45000010005000000030005000050050017000100080041000270400020000682450103000882600083001913000019002746500033002936500042003266500070003687100057004387100052004959420013005479990015005609520094005754570CDMR20151016134802.0130130s1993||||||||||||||||||||||||||||d aCDMRbcatcCDMR 0aForo de periodistas latinoamericanos y del Caribe sobre derechos humanosb: 16 y 17 de enero, 1993 aSan José (Costa Rica)c1993bSindicato Nacional de Periodistas de Costa Rica a100 p ;c27 cm0493445aPeriodismexCongressos0493195aDrets humanszAmèrica Llatina049216aAssociacions de professionals i tècnicszAmèrica Llatina2 94294aSindicato Nacional de Periodistas (Costa Rica)2 92308aInternational Organisation of Journalists cMON2udc c4570d4570 00104070aCDMRbCDMRd2013-01-16l0oCi 11/3pCDMR13119569r2013-01-16w2013-01-16yMON